[Event "TUR-ch"]
[Site "Antalya"]
[Date "2013.02.07"]
[Round "8"]
[White "Demircin, Kasim"]
[Black "Turkoglu, Ahmet Cihad"]
[Result "1/2-1/2"]
[WhiteElo "1844"]
[BlackElo "2165"]
[PlyCount "91"]
[EventDate "2013.02.02"]
[EventType "swiss"]
[EventRounds "11"]
[EventCountry "TUR"]
[SourceTitle "CBM 152 Extra"]
[Source "ChessBase"]
[SourceDate "2013.02.25"]
[SourceVersion "1"]
[SourceVersionDate "2013.02.25"]
[SourceQuality "1"]

1. Nf3 d5 2. g3 Nf6 3. Bg2 c5 4. 0-0 Nc6 5. c4 e6 6. cxd5 exd5 7. d4 h6 8. Nc3 Be6 9. h3 Qd7 10. Kh2 Ne4 11. Be3 Rd8 12. Qa4 b6 13. Rfd1 f5 14. Nxe4 fxe4 15. Nh4 b5 16. Qxb5 Nxd4 17. Qxd7+ Rxd7 18. Bxd4 cxd4 19. Ng6 Rg8 20. Rac1 Bd6 21. Rxd4 Kf7 22. Nf4 Rb8 23. Nxe6 Kxe6 24. b3 Be5 25. Rd2 Rc7 26. Rxc7 Bxc7 27. Rc2 Kd6 28. e3 Bb6 29. h4 Bc5 30. h5 Bb6 31. Bf1 Rf8 32. Kg2 Bc5 33. Bb5 a5 34. Rd2 Ke5 35. Bc6 Rd8 36. Rc2 Bd6 37. Bb5 Rb8 38. Ba4 Rb7 39. Rc8 Rc7 40. Re8+ Re7 41. Ra8 Bb4 42. a3 Be1 43. Kf1 Bc3 44. Rc8 Bb2 45. Rc5 Ra7 46. Ke2 1/2-1/2

[Event "TUR-ch"]
[Site "Antalya"]
[Date "2013.02.06"]
[Round "7"]
[White "Turkoglu, Ahmet Cihad"]
[Black "Ilcin, Murat Veysi"]
[Result "1-0"]
[WhiteElo "2165"]
[BlackElo "1796"]
[PlyCount "59"]
[EventDate "2013.02.02"]
[EventType "swiss"]
[EventRounds "11"]
[EventCountry "TUR"]
[SourceTitle "CBM 152 Extra"]
[Source "ChessBase"]
[SourceDate "2013.02.25"]
[SourceVersion "1"]
[SourceVersionDate "2013.02.25"]
[SourceQuality "1"]

1. e4 e5 2. Nf3 Nc6 3. Bb5 a6 4. Bxc6 dxc6 5. Nc3 Bg4 6. h3 Bh5 7. g4 Bg6 8. Nxe5 Bb4 9. d3 Qe7 10. Nxg6 hxg6 11. Qf3 0-0-0 12. Bd2 Qe6 13. a3 Ba5 14. 0-0-0 Nf6 15. Kb1 Kb8 16. Qg3 Rd7 17. f4 Rhd8 18. f5 gxf5 19. exf5 Qe7 20. Rhe1 Qf8 21. Re5 Qd6 22. Rg1 b5 23. Re2 Qf8 24. g5 b4 25. gxf6 bxc3 26. fxg7 Qg8 27. Bg5 cxb2 28. Bxd8 Rxd8 29. Qh4 Bc3 30. Qxd8+ 1-0

[Event "TUR-ch"]
[Site "Antalya"]
[Date "2013.02.02"]
[Round "1"]
[White "Turkoglu, Ahmet Cihad"]
[Black "Kiremitciyan, Ari"]
[Result "1/2-1/2"]
[WhiteElo "2165"]
[BlackElo "1708"]
[PlyCount "186"]
[EventDate "2013.02.02"]
[EventType "swiss"]
[EventRounds "11"]
[EventCountry "TUR"]
[SourceTitle "CBM 152 Extra"]
[Source "ChessBase"]
[SourceDate "2013.02.25"]
[SourceVersion "1"]
[SourceVersionDate "2013.02.25"]
[SourceQuality "1"]

1. e4 c5 2. Nf3 Nc6 3. Nc3 d6 4. Bb5 Bd7 5. a3 Nf6 6. 0-0 a6 7. Bc4 Bg4 8. Re1 e6 9. Be2 Be7 10. h3 Bh5 11. Bf1 Qc7 12. d3 h6 13. g4 Bg6 14. Bf4 0-0-0 15. Bg3 h5 16. e5 dxe5 17. Nxe5 Nxe5 18. Rxe5 h4 19. Bh2 Bd6 20. f4 Bxe5 21. fxe5 Nd5 22. Qf3 Nxc3 23. bxc3 c4 24. Rb1 Rd7 25. Rb4 Qc5+ 26. d4 Qd5 27. Rxc4+ Kb8 28. Qxd5 Rxd5 29. Rb4 Ka7 30. a4 a5 31. Rb2 Rc8 32. Bg2 Rd7 33. Rb5 b6 34. d5 exd5 35. e6 fxe6 36. Be5 Rc5 37. Rb2 Rc4 38. Bd4 Rb7 39. Ra2 Be8 40. Kf2 Rxa4 41. Rb2 Ra1 42. Ke2 a4 43. Kd2 a3 44. Rb3 a2 45. c4 Rb1 46. Ra3+ Kb8 47. cxd5 exd5 48. Be5+ Kc8 49. Ra8+ Kd7 50. Bxd5 a1Q 51. Bxa1 Rc7 52. Be4 Kd6 53. Bd4 Re7 54. Bd3 Bc6 55. Rd8+ Kc7 56. Rh8 Bf3 57. Rxh4 Rd1+ 58. Kc3 Kb7 59. Rh5 Rc7+ 60. Kb2 Rh1 61. Rh8 Rd7 62. Kc3 Re7 63. g5 Kc6 64. Rc8+ Kb7 65. Rh8 Rc7+ 66. Kb2 Rd7 67. c3 Rh2+ 68. Kb3 Bd5+ 69. c4 Bg2 70. Kc3 Rxh3 71. Rxh3 Bxh3 72. Be4+ Ka6 73. Bd3 Ka5 74. Be3 Rc7 75. Kb3 Be6 76. Bd2+ Ka6 77. Kb4 Kb7 78. Bc3 Rd7 79. Be4+ Ka6 80. Bc2 Rc7 81. Bd3 Kb7 82. Bd4 g6 83. Kb5 Bd7+ 84. Kb4 Bf5 85. Be2 Rd7 86. Bf3+ Ka6 87. Kc3 Rh7 88. Bd5 Rh3+ 89. Kb4 Bc2 90. c5 b5 91. c6 Bf5 92. c7 Rh4 93. Kc5 b4 1/2-1/2